Top 100 Songs on Spotify - 2024 - Statistics

General Stats
  • This quiz has been taken 47 times
  • The average score is 27 of 100
Answer Stats
Song Artist % Correct
Northern Attitude (with ______) Noah Kahan, Hozier
76%
Be | Be - Acoustic | De Selby (Part 2) | +16 others Hozier
74%
Call Your Mom | Everywhere, Everything | No Complaints | +2 others Noah Kahan
50%
Dangerous Animals | One For The Road | R U Mine? Arctic Monkeys
45%
Sympathy is a knife | Von dutch Charli xcx
37%
Girl, so confusing featuring _____ Charli xcx, Lorde
37%
Rumour Has It Adele
29%
Babel | Beloved | Broken Crown | +4 others Mumford & Sons
26%
Life is a Highway Rascal Flatts
26%
Springtime Red Tulips Bo Staloch
21%
Cursed | Fool for Love | La Belle Fleur Sauvage | +4 others Lord Huron
21%
I'm a Mess Ed Sheeran
18%
Heavy Metal Lover Lady Gaga
16%
Sheep | Silver Lining Mt. Joy
11%
Ode to a Conversation Stuck in Your Throat Del Water Gap
8%
Never Going Back Again Fleetwood Mac
8%
Third Eye | Which Witch Florence + The Machine
8%
Sunshine Over The Counter Madison Cunningham
8%
the fruits Paris Paloma
8%
Moves Suki Waterhouse
8%
Scotland The Lumineers
8%
Willow Tree March The Paper Kites
8%
Wrong Depeche Mode
5%
Heart / Chest Felix Rabito
5%
August | Churches | Six Below flipturn
5%
That's All Genesis
5%
Blow Away George Harrison
5%
Seventeen | She's a Genius Jet
5%
Appalachian Moon Kevin Reilly
5%
Changes Langhorne Slim
5%
Keep You Safe | Metaphor | Never Love an Anchor | +4 others The Crane Wives
5%
Burn Alive The Last Dinner Party
5%
Arizona | Girl Behind The Glass | July | +4 others Wunderhorse
5%
Do They Call to You? Andrew Montana
3%
Horizon Eyes Arts Fishing Club
3%
If I See a Road | Snow Song Blake Rouse
3%
Bleeding Out Chance Peña
3%
Bows Covey
3%
The Painter and The Chemist Elias Hix
3%
Hope Honeywater
3%
Bone Mon Rovîa
3%
Almost Gone My Terrible Friend
3%
Your Bones Of Monsters and Men
3%
The Rain The Suitcase Junket
3%
Nobody Move, Nobody Get Hurt We Are Scientists
3%
No matching quizzes found
Score Distribution
Percent of People with Each Score
Percentile by Number Answered
Your Score History
You have not taken this quiz